[Event "Open Ricany 2013"]
[Site "Turnaj A"]
[Date "25.08.??"]
[Round "2.1"]
[White "Rut, Vojtech"]
[Black "Vokac, Marek"]
[Result "0-1"]
[WhiteElo "2078"]
[BlackElo "2458"]
[PlyCount "68"]
[EventDate "25.??.??"]

1. d4 Nf6 2. Bg5 e6 3. Nd2 c5 4. e3 Nc6 5. Ngf3 d5 6. c3 Qb6 7. Qb3 Bd7 8. Qxb6
axb6 9. Bf4 Rc8 10. Bd3 Be7 11. h3 O-O 12. O-O Rfd8 13. Rfe1 Be8 14. Rad1 h6
15. Bb1 Na5 16. Be5 Nd7 17. Bg3 Nc6 18. Kh2 Nf8 19. Ne5 Nxe5 20. Bxe5 f6 21.
Bg3 Bg6 22. Bxg6 Nxg6 23. Nf3 Kf7 24. e4 dxe4 25. Rxe4 f5 26. Ne5+ Nxe5 27.
Rxe5 Bf6 28. Re2 cxd4 29. cxd4 Rxd4 30. Rxd4 Bxd4 31. Rd2 Rd8 32. Bc7 Be5+ 33.
Bxe5 Rxd2 34. Kg3 Rd5 0-1

[Event "Open Ricany 2013"]
[Site "Turnaj A"]
[Date "25.08.??"]
[Round "2.2"]
[White "Starek, Stanislav"]
[Black "Skala, Jaromir"]
[Result "1-0"]
[WhiteElo "2094"]
[BlackElo "2011"]
[PlyCount "87"]
[EventDate "25.??.??"]

1. c4 Nf6 2. Nc3 g6 3. g3 Bg7 4. Bg2 d6 5. e4 e5 6. Nge2 Be6 7. d4 Qd7 8. d5
Bh3 9. O-O h5 10. f4 h4 11. f5 Bxg2 12. Kxg2 hxg3 13. Nxg3 Na6 14. b4 O-O-O 15.
Nb5 Rdg8 16. Qa4 Kb8 17. c5 dxc5 18. bxc5 Nxe4 19. c6 Qxd5 20. Qxe4 Qxe4+ 21.
Nxe4 gxf5 22. Rxf5 bxc6 23. Nbc3 Bf8+ 24. Ng3 Nc5 25. Rb1+ Kc8 26. Be3 Nd3 27.
Rd1 Nb2 28. Rb1 Nd3 29. Nce4 c5 30. Rxf7 Rh4 31. Rbf1 Bd6 32. Bg5 Nf4+ 33.
R1xf4 exf4 34. Nxd6+ cxd6 35. Bxh4 fxg3 36. Bxg3 a5 37. Ra7 Rg6 38. Kf2 c4 39.
Rxa5 Kb7 40. Ke3 Kb6 41. Rd5 Kc6 42. Rxd6+ Rxd6 43. Bxd6 Kxd6 44. Kd4 1-0

[Event "Open Ricany 2013"]
[Site "Turnaj A"]
[Date "25.08.??"]
[Round "2.3"]
[White "Schmalz. Michal"]
[Black "Svatos, Jan"]
[Result "1/2-1/2"]
[WhiteElo "2077"]
[BlackElo "2287"]
[PlyCount "84"]
[EventDate "25.??.??"]

1. e4 c6 2. d4 d5 3. exd5 cxd5 4. c4 Nf6 5. Nc3 Nc6 6. Nf3 Bg4 7. cxd5 Nxd5 8.
Qb3 Bxf3 9. gxf3 e6 10. Nxd5 Qxd5 11. Qxd5 exd5 12. Bb5 Be7 13. Bf4 O-O 14.
Bxc6 bxc6 15. Kd2 c5 16. dxc5 Bxc5 17. Be3 Bd6 18. Bd4 Rfc8 19. h4 h5 20. Kd3
f6 21. Rac1 Kf7 22. Rxc8 Rxc8 23. Bxa7 Ra8 24. Bd4 Rxa2 25. Rb1 Ra4 26. b3 Rb4
27. Kc3 Rb5 28. Rg1 g6 29. Ra1 Bb4+ 30. Kd3 Be7 31. Kc3 Rb7 32. Be3 Ke6 33. Ra4
Bd6 34. Ra6 Kd7 35. Bd4 f5 36. f4 Rc7+ 37. Kd3 Rb7 38. Be5 Bxe5 39. fxe5 Rb4
40. Rxg6 Rxh4 41. Rd6+ Kc7 42. Rxd5 Kc6 1/2-1/2

[Event "Open Ricany 2013"]
[Site "Turnaj A"]
[Date "25.08.??"]
[Round "2.4"]
[White "Vorisek, Jaroslav"]
[Black "Hrdina, Robin"]
[Result "1/2-1/2"]
[WhiteElo "2276"]
[BlackElo "2077"]
[PlyCount "148"]
[EventDate "25.??.??"]

1. e4 c5 2. Nf3 e6 3. d4 cxd4 4. Nxd4 a6 5. Bd3 Qc7 6. O-O Nf6 7. Nc3 d6 8. Qe2
Be7 9. Kh1 O-O 10. f4 Nbd7 11. Bd2 Rd8 12. Rae1 b6 13. Rf3 Bb7 14. Rg3 Bf8 15.
Nf3 g6 16. e5 Nh5 17. Rh3 Nc5 18. Ng5 h6 19. Nge4 d5 20. Nf6+ Nxf6 21. exf6 Nd7
22. Bxg6 Nxf6 23. Bd3 Ne4 24. Nxe4 dxe4 25. Rg3+ Bg7 26. Bc3 exd3 27. Rxg7+ Kf8
28. Qg4 dxc2 29. f5 Rd1 30. Rg8+ Ke7 31. f6+ Kd7 32. Rxd1+ cxd1=Q+ 33. Qxd1+
Qd6 34. Qxd6+ Kxd6 35. Rg7 Ra7 36. Kg1 Be4 37. Kf2 Bb1 38. a3 a5 39. Rg8 Rd7
40. g4 e5 41. Re8 e4 42. Rh8 Kd5 43. Rxh6 Kc4 44. Rh5 Rd3 45. Rf5 Rd1 46. Ke2
Rh1 47. Rf2 Rg1 48. Rf4 Bd3+ 49. Kf2 Rf1+ 50. Ke3 Rh1 51. Rf2 Rg1 52. Kf4 a4
53. h4 Rh1 54. h5 Rh3 55. Bd2 Kd5 56. Be3 b5 57. Bb6 Ke6 58. Bd4 Kd5 59. Bc3 e3
60. Rf3 Rxf3+ 61. Kxf3 e2 62. Ke3 Bh7 63. Kxe2 Ke4 64. g5 Kf5 65. g6 Bg8 66. g7
Ke4 67. Ba5 Kf5 68. Kd3 Kxf6 69. h6 Kg6 70. Bd2 Kh7 71. Ke4 f6 72. Kf5 Bc4 73.
Bf4 Kg8 74. Ke4 Be6 1/2-1/2

[Event "Open Ricany 2013"]
[Site "Turnaj A"]
[Date "25.08.??"]
[Round "2.5"]
[White "Skacel, Jan"]
[Black "Postupa, Pavel ml"]
[Result "1-0"]
[WhiteElo "2075"]
[BlackElo "2260"]
[PlyCount "51"]
[EventDate "25.??.??"]

1. e4 c5 2. Nf3 d6 3. d4 cxd4 4. Nxd4 Nf6 5. Nc3 a6 6. f4 e5 7. Nf3 Qc7 8. Bd3
Be7 9. O-O Nbd7 10. Qe2 O-O 11. Nh4 Nc5 12. fxe5 dxe5 13. Kh1 Bg4 14. Qe1 Nxd3
15. cxd3 Qd7 16. Nf5 Bxf5 17. Rxf5 Qxd3 18. Bg5 Rad8 19. Rxe5 Bb4 20. Rf5 Bxc3
21. bxc3 Rfe8 22. Bxf6 Rxe4 23. Bxd8 Rxe1+ 24. Rxe1 Qxd8 25. Rd5 Qc8 26. Red1
1-0

[Event "Open Ricany 2013"]
[Site "Turnaj A"]
[Date "25.08.??"]
[Round "2.6"]
[White "Postupa, Martin"]
[Black "Gregor, Jiri"]
[Result "1-0"]
[WhiteElo "2054"]
[BlackElo "2253"]
[PlyCount "95"]
[EventDate "25.??.??"]

1. e4 c5 2. Nc3 Nc6 3. g3 g6 4. Bg2 Bg7 5. d3 b6 6. Nge2 e6 7. O-O Nge7 8. Be3
O-O 9. Qd2 Rb8 10. a4 d6 11. Bh6 e5 12. Bxg7 Kxg7 13. f4 f6 14. Rf2 Be6 15.
Raf1 Qd7 16. f5 Bg8 17. fxg6 hxg6 18. h3 Be6 19. g4 Nd4 20. Ng3 Rbc8 21. b3 Rf7
22. g5 f5 23. exf5 Nexf5 24. Nce4 d5 25. Nf6 Qd6 26. Nxf5+ gxf5 27. h4 f4 28.
Bf3 Nf5 29. Rh2 Rh8 30. h5 Ng3 31. Re1 Rxf6 32. gxf6+ Kxf6 33. h6 Qf8 34. Qg2
Rxh6 35. Rxh6+ Qxh6 36. Bxd5 Bh3 37. Qh2 Qh4 38. Bg2 Nf5 39. Re2 Ng3 40. Rf2
Bxg2 41. Qxg2 Qg4 42. Qf3 Ne2+ 43. Kf1 Ng3+ 44. Ke1 Qd7 45. Rg2 Kf5 46. Qe4+
Kg5 47. Kf2 Qh3 48. c3 {Dale necitelne.} 1-0

[Event "Open Ricany 2013"]
[Site "Turnaj A"]
[Date "25.08.??"]
[Round "2.7"]
[White "Marikova, Jana"]
[Black "Vybiral. Zdenek"]
[Result "0-1"]
[WhiteElo "2045"]
[BlackElo "2195"]
[PlyCount "42"]
[EventDate "25.??.??"]

1. d4 d6 2. c4 e5 3. e3 Nd7 4. Nc3 g6 5. Nf3 Bg7 6. Be2 Nh6 7. e4 O-O 8. O-O c6
9. h3 Qe7 10. Re1 f5 11. exf5 Nxf5 12. Bf1 Nh4 13. Ng5 h6 14. dxe5 hxg5 15.
exd6 Qf7 16. Ne4 Nc5 17. Bxg5 Nxe4 18. Bxh4 Qf4 19. f3 Nxd6 20. Be7 Bd4+ 21.
Kh1 Nf5 0-1

[Event "Open Ricany 2013"]
[Site "Turnaj A"]
[Date "25.08.??"]
[Round "2.8"]
[White "Lacza, Tibor"]
[Black "Trepka, Jan"]
[Result "1-0"]
[WhiteElo "2011"]
[BlackElo "2187"]
[PlyCount "71"]
[EventDate "25.??.??"]

1. e4 c6 2. d4 d5 3. Nc3 dxe4 4. Nxe4 Nf6 5. Nxf6+ exf6 6. Bf4 Bd6 7. Qd2 O-O
8. Bd3 Bxf4 9. Qxf4 Qb6 10. b3 a5 11. Ne2 a4 12. O-O Na6 13. Nc3 a3 14. Na4 Qa5
15. Bxa6 Rxa6 16. c4 Qb4 17. Rfd1 Be6 18. Nc5 Raa8 19. Rac1 Rad8 20. Qc7 Bc8
21. Nd3 Qd6 22. Qxd6 Rxd6 23. Nb4 Bf5 24. d5 c5 25. Nc2 Bxc2 26. Rxc2 Rb8 27.
f3 Kf8 28. Kf2 Ke7 29. Re2+ Kd7 30. Rde1 Kc7 31. Re7+ Rd7 32. Re8 b5 33. d6+
Kb7 34. Rxb8+ Kxb8 35. Re7 Kc8 36. cxb5 1-0

[Event "Open Ricany 2013"]
[Site "Turnaj A"]
[Date "25.08.??"]
[Round "2.9"]
[White "Vanka, Miloslav"]
[Black "Misicko, Jan"]
[Result "1/2-1/2"]
[WhiteElo "2173"]
[BlackElo "2074"]
[PlyCount "36"]
[EventDate "25.??.??"]

1. d4 Nf6 2. Bg5 c5 3. Bxf6 exf6 4. e3 d5 5. c3 Nc6 6. Bd3 Be6 7. dxc5 Bxc5 8.
Ne2 Ne5 9. Bb5+ Ke7 10. Nd4 Qc7 11. Be2 a6 12. Nd2 b5 13. N2b3 Bd6 14. a3 Nc4
15. Qc2 Bxh2 16. O-O-O h6 17. Nf5+ Kf8 18. g3 Bxf5 1/2-1/2

[Event "Open Ricany 2013"]
[Site "Turnaj A"]
[Date "25.08.??"]
[Round "2.10"]
[White "Berg, Antonin"]
[Black "Haman, Jakub"]
[Result "1-0"]
[WhiteElo "1826"]
[BlackElo "2170"]
[PlyCount "107"]
[EventDate "25.??.??"]

1. e4 d6 2. d4 Nf6 3. Nc3 g6 4. Nf3 Bg7 5. Be2 O-O 6. O-O Bg4 7. h3 Bxf3 8.
Bxf3 Nc6 9. Be3 Nd7 10. Qd2 e5 11. Ne2 exd4 12. Nxd4 Nce5 13. Be2 Nb6 14. b3
Re8 15. Rad1 d5 16. f4 Ned7 17. e5 f6 18. e6 Nf8 19. f5 c5 20. Nb5 a6 21. Bxc5
axb5 22. Bxb5 Nxe6 23. fxe6 Rxe6 24. a4 Rc8 25. b4 Re5 26. c4 Bf8 27. Bxf8 Qxf8
28. c5 Na8 29. Rfe1 Nc7 30. Bd7 Rd8 31. c6 bxc6 32. Bxc6 Kg7 33. Qc3 d4 34. Qc4
Qd6 35. b5 Ne6 36. a5 Nf4 37. a6 d3 38. Bf3 g5 39. Kh1 d2 40. Rxe5 Qxe5 41. Qe4
Qxe4 42. Bxe4 Ne2 43. Bf3 Nc3 44. b6 Nxd1 45. Bxd1 Ra8 46. a7 Rc8 47. b7 Rc1
48. b8=Q Rxd1+ 49. Kh2 Ra1 50. Qc7+ Kh6 51. Qd6 Rxa7 52. Qxf6+ Kh5 53. g4+ Kh4
54. Qf2# 1-0

[Event "Open Ricany 2013"]
[Site "Turnaj A"]
[Date "25.08.??"]
[Round "2.11"]
[White "Moravec, Vit"]
[Black "Vykouk, Jan"]
[Result "1/2-1/2"]
[WhiteElo "2159"]
[BlackElo "2034"]
[PlyCount "50"]
[EventDate "25.??.??"]

1. e4 c5 2. Nf3 d6 3. d4 cxd4 4. Nxd4 Nf6 5. Nc3 a6 6. f4 e5 7. Nf3 Nbd7 8. a4
Be7 9. Bd3 b6 10. O-O O-O 11. Qe1 Qc7 12. Kh1 Bb7 13. Nh4 g6 14. f5 Nh5 15. g4
Nf4 16. Ng2 g5 17. h4 h6 18. Qg3 Kg7 19. f6+ Nxf6 20. Ne3 Bc8 21. Nf5+ Bxf5 22.
gxf5 Rh8 23. Bxf4 exf4 24. Qf3 Qc5 25. Rae1 Rag8 1/2-1/2

[Event "Open Ricany 2013"]
[Site "Turnaj A"]
[Date "25.08.??"]
[Round "2.12"]
[White "Kohout, Vratislav"]
[Black "Vavrinec, Tomas"]
[Result "1/2-1/2"]
[WhiteElo "2112"]
[BlackElo "2015"]
[PlyCount "33"]
[EventDate "25.??.??"]

1. d4 e6 2. Nf3 c5 3. c3 Nc6 4. g3 Nf6 5. Bg2 Be7 6. O-O O-O 7. Nbd2 cxd4 8.
cxd4 b5 9. Nb3 Qb6 10. Be3 Nd5 11. Bd2 f5 12. Rc1 d6 13. Bg5 Bd7 14. Bxe7 Ncxe7
15. Nbd2 Rac8 16. Qb3 h6 17. e3 1/2-1/2

[Event "Open Ricany 2013"]
[Site "Turnaj A"]
[Date "25.08.??"]
[Round "2.14"]
[White "Mejzlik, Ondrej"]
[Black "Trochta, Vojtech"]
[Result "1-0"]
[WhiteElo "2255"]
[BlackElo "1724"]
[PlyCount "59"]
[EventDate "25.??.??"]

1. c4 Nf6 2. Nc3 e6 3. e4 d6 4. g3 c5 5. Bg2 g6 6. Nge2 Bg7 7. O-O O-O 8. d3
Nc6 9. h3 a6 10. Be3 Rb8 11. f4 Nd7 12. g4 Nd4 13. Ng3 b5 14. Qd2 Nb6 15. cxb5
axb5 16. f5 Na4 17. Rf2 Nxb2 18. Qxb2 b4 19. Qb1 exf5 20. gxf5 Bxf5 21. Nd5 Be6
22. Qc1 b3 23. Bg5 f6 24. Be3 Bxd5 25. Bxd4 Be6 26. Bc3 bxa2 27. Ne2 Rb3 28.
Rxa2 Qb6 29. Ra1 f5 30. exf5 1-0

[Event "Open Ricany 2013"]
[Site "Turnaj A"]
[Date "25.08.??"]
[Round "2.15"]
[White "Liuba, Volodymyr"]
[Black "Pycha, Patrik"]
[Result "1/2-1/2"]
[WhiteElo "2196"]
[BlackElo "1981"]
[PlyCount "130"]
[EventDate "25.??.??"]

1. e4 e6 2. d4 d5 3. Nd2 Nf6 4. e5 Nfd7 5. Bd3 c5 6. c3 Nc6 7. Ne2 cxd4 8. cxd4
f6 9. exf6 Nxf6 10. Nf3 Bd6 11. O-O Qc7 12. Nc3 a6 13. Bg5 O-O 14. Bh4 Bd7 15.
Bg3 Bxg3 16. hxg3 Rae8 17. Rc1 Qd6 18. Qb3 Na5 19. Qc2 Nc6 20. a3 Re7 21. Na4
Be8 22. Nc5 Bh5 23. Nxb7 Rxb7 24. Qxc6 Qxc6 25. Rxc6 Bxf3 26. gxf3 Rxb2 27.
Rxa6 Rd2 28. Bb5 Rxd4 29. Rxe6 Rc8 30. a4 Rb4 31. Ra1 Rb2 32. Rc6 Rxc6 33. Bxc6
Rc2 34. Bb5 Rb2 35. Kf1 Kf8 36. Re1 Rb3 37. Kg2 Rb2 38. g4 h6 39. Kg3 Kf7 40.
Rc1 Ne8 41. Bxe8+ Kxe8 42. Rc7 Kf8 43. a5 Ra2 44. Ra7 d4 45. Kf4 Rxf2 46. Ke4
d3 47. a6 Rf1 48. Ra8+ Kf7 49. a7 Ra1 50. Kxd3 Ra4 51. f4 Ra1 52. f5 Ra4 53.
Ke3 Ra1 54. f6 Ra4 55. Kf3 Ra1 56. Ke4 Re1+ 57. Kd5 Rd1+ 58. Ke4 Re1+ 59. Kd5
Rd1+ 60. Kc4 Ra1 61. Kb3 Ra6 62. fxg7 Kxg7 63. Kb4 Ra1 64. Kb3 Ra6 65. Kb4 Ra1
1/2-1/2

[Event "Open Ricany 2013"]
[Site "Turnaj A"]
[Date "25.08.??"]
[Round "2.16"]
[White "Kotzot, Jiri"]
[Black "Franek, Jan"]
[Result "1-0"]
[WhiteElo "2194"]
[BlackElo "1970"]
[PlyCount "71"]
[EventDate "25.??.??"]

1. e4 e5 2. Nf3 Nc6 3. Bc4 Nf6 4. d3 Bc5 5. c3 d5 6. exd5 Nxd5 7. b4 Be7 8. b5
Na5 9. Nxe5 Nxc4 10. Nxc4 a6 11. bxa6 Rxa6 12. O-O O-O 13. d4 b5 14. Ne5 Be6
15. Qd3 c6 16. Bb2 f6 17. Nf3 Nb6 18. Qe3 Bf7 19. a3 Nc4 20. Qc1 Bd6 21. g3 Bd5
22. Nbd2 f5 23. Nxc4 Bxc4 24. Nd2 Bxf1 25. Nxf1 Ra4 26. f4 Qe7 27. Ne3 c5 28.
c4 cxd4 29. Bxd4 bxc4 30. Qc2 Rxa3 31. Rxa3 Bxa3 32. Qxc4+ Kh8 33. Qd5 Bd6 34.
Nxf5 Qe1+ 35. Kg2 Qe2+ 36. Bf2 1-0

[Event "Open Ricany 2013"]
[Site "Turnaj A"]
[Date "25.08.??"]
[Round "2.18"]
[White "Brcak, Marek"]
[Black "Mejzlik, Vojtech"]
[Result "0-1"]
[WhiteElo "1902"]
[BlackElo "2106"]
[PlyCount "94"]
[EventDate "25.??.??"]

1. e4 c5 2. Nf3 Nc6 3. d4 cxd4 4. Nxd4 Nf6 5. Nc3 e5 6. Ndb5 d6 7. Bg5 a6 8.
Na3 b5 9. Nd5 Be7 10. Bxf6 Bxf6 11. c3 O-O 12. Nc2 Bg5 13. a4 bxa4 14. Rxa4 a5
15. Bc4 Rb8 16. b3 Kh8 17. O-O f5 18. exf5 Bxf5 19. Bd3 Bxd3 20. Qxd3 Rxb3 21.
Qc4 Rb2 22. Ra2 Rxa2 23. Qxa2 Bf4 24. Nxf4 Rxf4 25. Ne3 Qg8 26. Qxg8+ Kxg8 27.
Rd1 Ra4 28. f3 Ra3 29. Rxd6 Rxc3 30. Nd5 Rc1+ 31. Kf2 Nd4 32. Ra6 Rc2+ 33. Kg3
Rc5 34. Ne3 Nc6 35. Nf5 Kf7 36. Nd6+ Ke7 37. Nb7 Rb5 38. Rxc6 Rxb7 39. Rc5 Ra7
40. Rxe5+ Kd6 41. Re1 a4 42. Kg4 a3 43. f4 a2 44. Ra1 Kd5 45. f5 Kd4 46. Kg5
Kc3 47. f6 Ra5+ 0-1

[Event "Open Ricany 2013"]
[Site "Turnaj A"]
[Date "25.08.??"]
[Round "2.19"]
[White "Mihal, Sergej"]
[Black "Cap, Adam"]
[Result "0-1"]
[WhiteElo "1771"]
[BlackElo "2050"]
[PlyCount "92"]
[EventDate "25.??.??"]

1. e4 e5 2. Nf3 Nc6 3. Bc4 Nf6 4. d3 Bc5 5. Be3 Bb6 6. Nc3 d6 7. Ng5 O-O 8.
Bxb6 axb6 9. a3 Nd4 10. h4 h6 11. Nd5 Nxd5 12. Nxf7 Rxf7 13. Bxd5 Be6 14. c3
Bxd5 15. cxd4 Be6 16. d5 Bd7 17. Qh5 Qf6 18. f3 Kh7 19. Ke2 g6 20. Qg5 hxg5 21.
hxg5+ Kg7 22. gxf6+ Rxf6 23. Ke3 c6 24. Rac1 Rff8 25. d4 Rh8 26. Rhd1 exd4+ 27.
Rxd4 c5 28. Rd3 Kf6 29. Rb3 b5 30. Rd3 Ra4 31. f4 Re8 32. e5+ dxe5 33. Rxc5
exf4+ 34. Kf2 Rc8 35. Rxc8 Bxc8 36. Rc3 Rc4 37. Rb3 Bd7 38. g3 g5 39. gxf4 gxf4
40. Kf3 Ke5 41. Rd3 Rd4 42. Rxd4 Kxd4 43. Kxf4 Kxd5 44. Ke3 Kc4 45. Kd2 Kb3 46.
Kc1 Bf5 0-1

[Event "Open Ricany 2013"]
[Site "Turnaj A"]
[Date "25.08.??"]
[Round "2.20"]
[White "Havelka, Jan"]
[Black "Janacek, Jaroslav"]
[Result "1-0"]
[WhiteElo "1774"]
[BlackElo "2038"]
[PlyCount "63"]
[EventDate "25.??.??"]

1. e4 c5 2. Nc3 g6 3. f4 Bg7 4. Nf3 e6 5. d4 cxd4 6. Nb5 d6 7. c3 Ne7 8. cxd4
a6 9. Nc3 O-O 10. Be2 b5 11. a3 d5 12. e5 Nbc6 13. O-O Qb6 14. Be3 Nf5 15. Bf2
h5 16. Bd3 Rd8 17. Bxf5 exf5 18. Bh4 Rd7 19. Re1 Nd8 20. Qb3 Bb7 21. Na4 Qa7
22. Nc5 Rc7 23. Rac1 Ne6 24. Nxe6 Rxc1 25. Rxc1 fxe6 26. Rc7 Rc8 27. Qc3 Qa8
28. Rxc8+ Qxc8 29. Qxc8+ Bxc8 30. Be7 Kf7 31. Bb4 Bd7 32. Kf2 {dale necitelne}
1-0

[Event "Open Ricany 2013"]
[Site "Turnaj A"]
[Date "25.08.??"]
[Round "2.21"]
[White "Postupa sen., Pavel"]
[Black "Skalicky, Tomas"]
[Result "0-1"]
[WhiteElo "2017"]
[BlackElo "1935"]
[PlyCount "56"]
[EventDate "25.??.??"]

1. e4 c5 2. Nf3 d6 3. c3 Nf6 4. Bd3 g6 5. O-O Bg7 6. Bc2 O-O 7. d3 e5 8. Nbd2
Nc6 9. c4 Ne8 10. Re1 f5 11. exf5 gxf5 12. Nf1 Nf6 13. h3 Kh8 14. Ng3 f4 15.
Ne4 Nxe4 16. dxe4 Nd4 17. Bd3 Rg8 18. Nxd4 cxd4 19. Qh5 Bf6 20. Bxf4 Bg5 21.
Bg3 Qf6 22. Rf1 Qg7 23. Kh2 Be6 24. Rg1 Raf8 25. Raf1 Rf6 26. b3 Rh6 27. Qd1
Qd7 28. Qf3 Bg4 0-1

[Event "Open Ricany 2013"]
[Site "Turnaj A"]
[Date "25.08.??"]
[Round "2.22"]
[White "Kolasin, Jan"]
[Black "Rihova, Kamila"]
[Result "0-1"]
[WhiteElo "2038"]
[BlackElo "1687"]
[PlyCount "68"]
[EventDate "25.??.??"]

1. e4 e5 2. Nf3 Nf6 3. Nxe5 d6 4. Nf3 Nxe4 5. d4 d5 6. Bd3 Be7 7. O-O Nc6 8.
Re1 Bf5 9. c3 Nd6 10. Bxf5 Nxf5 11. Qd3 Qd7 12. Ne5 Nxe5 13. Rxe5 Nh4 14. Nd2
O-O-O 15. g3 Ng6 16. Rf5 Qe6 17. Nf3 h5 18. Bd2 Bf6 19. Re1 Qd7 20. Ne5 Bxe5
21. dxe5 h4 22. e6 fxe6 23. Rg5 Nf8 24. Qd4 hxg3 25. fxg3 Rg8 26. Qxa7 Qb5 27.
Rf1 Qxb2 28. Qa8+ Kd7 29. Qa4+ Kc8 30. Rf7 Nd7 31. Rf2 Qb6 32. c4 Rdf8 33. Be1
Qe3 34. Qa8+ Nb8 0-1

[Event "Open Ricany 2013"]
[Site "Turnaj A"]
[Date "25.08.??"]
[Round "2.23"]
[White "Sochor, Martin"]
[Black "Dungl, Martin"]
[Result "1-0"]
[WhiteElo "1885"]
[BlackElo "2075"]
[PlyCount "73"]
[EventDate "25.??.??"]

1. Nf3 Nf6 2. g3 g6 3. Bg2 Bg7 4. O-O O-O 5. c4 d6 6. Nc3 c6 7. d4 Qa5 8. Bd2
Qb6 9. Qb3 Be6 10. Ng5 Bc8 11. e3 h6 12. Nge4 Nbd7 13. Rfd1 Nxe4 14. Nxe4 Nf6
15. Nxf6+ Bxf6 16. Bc3 Bg4 17. Qxb6 axb6 18. Rd2 Ra4 19. b3 Ra3 20. Bb2 Ra7 21.
f3 Bd7 22. e4 Rfa8 23. a3 c5 24. e5 Bg7 25. dxc5 bxc5 26. a4 Bc6 27. exd6 Bxb2
28. Rxb2 e5 29. Re1 f6 30. f4 exf4 31. gxf4 Bd7 32. Re7 Rd8 33. Bd5+ Kh8 34.
Rf7 f5 35. Re2 Re8 36. Rxe8+ Bxe8 37. Rf8+ 1-0

[Event "Open Ricany 2013"]
[Site "Turnaj A"]
[Date "25.08.??"]
[Round "2.24"]
[White "Petras, Milan"]
[Black "Konvalinka, Vladimir"]
[Result "1/2-1/2"]
[WhiteElo "2006"]
[BlackElo "1886"]
[PlyCount "29"]
[EventDate "25.??.??"]

1. e4 e6 2. d4 d5 3. Nd2 Nf6 4. e5 Nfd7 5. Bd3 c5 6. c3 cxd4 7. cxd4 Nc6 8.
Ngf3 f6 9. exf6 Nxf6 10. O-O Bd6 11. a3 a5 12. b3 O-O 13. Bb2 Qb6 14. Re1 Bd7
15. Qe2 1/2-1/2

[Event "Open Ricany 2013"]
[Site "Turnaj A"]
[Date "25.08.??"]
[Round "2.25"]
[White "Hlina, Milos"]
[Black "Krejci, Martin"]
[Result "1/2-1/2"]
[WhiteElo "1862"]
[BlackElo "2005"]
[PlyCount "50"]
[EventDate "25.??.??"]

1. d4 Nf6 2. Nf3 g6 3. e3 Bg7 4. Bd3 O-O 5. O-O d6 6. b3 Nbd7 7. Bb2 e5 8. Nbd2
Re8 9. dxe5 Ng4 10. Nc4 d5 11. Ncd2 Ndxe5 12. Bd4 Nxd3 13. cxd3 Bxd4 14. Nxd4
c5 15. N4f3 Bf5 16. Qc2 Rc8 17. Qc3 d4 18. exd4 cxd4 19. Qxd4 Qxd4 20. Nxd4
Bxd3 21. Rfe1 Rxe1+ 22. Rxe1 Kf8 23. f3 Nf6 24. f4 Rd8 25. N2f3 Nd5 1/2-1/2

[Event "Open Ricany 2013"]
[Site "Turnaj A"]
[Date "25.08.??"]
[Round "2.26"]
[White "Marsalek, Lubos"]
[Black "Havelka, Petr"]
[Result "1/2-1/2"]
[WhiteElo "1997"]
[BlackElo "1865"]
[PlyCount "54"]
[EventDate "25.??.??"]

1. Nf3 d5 2. b3 Nf6 3. Bb2 e6 4. e3 Be7 5. Ne5 Nbd7 6. f4 c5 7. Be2 O-O 8. O-O
Ne4 9. d3 Nd6 10. Nxd7 Bxd7 11. Bf3 Bc6 12. c4 Bf6 13. Qd2 Nf5 14. Re1 Rc8 15.
cxd5 Bxb2 16. Qxb2 exd5 17. Na3 Re8 18. Nc2 Rc7 19. Rad1 Nd6 20. e4 d4 21. Na3
Qh4 22. g3 Qh6 23. Qf2 Rce7 24. Bg4 Bd7 25. Bxd7 Rxd7 26. Rc1 b6 27. Kg2 Rde7
1/2-1/2

[Event "Open Ricany 2013"]
[Site "Turnaj A"]
[Date "25.08.??"]
[Round "2.27"]
[White "Stork, Rostislav"]
[Black "Koper, Stefan"]
[Result "1-0"]
[WhiteElo "1814"]
[BlackElo "1992"]
[PlyCount "105"]
[EventDate "25.??.??"]

1. e4 g6 2. e5 Bg7 3. f4 d5 4. d4 c5 5. Bb5+ Nc6 6. Bxc6+ bxc6 7. Nf3 Bg4 8.
O-O cxd4 9. Qxd4 e6 10. Qa4 Ne7 11. Nbd2 O-O 12. Nb3 Qb6+ 13. Kh1 Nf5 14. Nbd4
Bxf3 15. Nxf3 c5 16. c3 h5 17. b4 cxb4 18. cxb4 Rfc8 19. Bd2 Ne3 20. Bxe3 Qxe3
21. Ng5 Qd3 22. Qd7 Qf5 23. b5 Rc2 24. a4 Rf8 25. Qxa7 Bxe5 26. fxe5 Qxg5 27.
Rg1 h4 28. h3 Qxe5 29. Qe7 Qg3 30. b6 Rb2 31. a5 Qb3 32. Qxh4 Kg7 33. Qd4+ f6
34. Rgc1 g5 35. Rc7+ Kg6 36. Qg4 f5 37. Qd4 Rf7 38. Re1 Rb1 39. Rxb1 Qxb1+ 40.
Kh2 f4 41. Qe5 Rf6 42. Qc3 f3 43. gxf3 Qb5 44. Qc2+ Rf5 45. b7 d4 46. Qe4 Kf6
47. Qxd4+ Re5 48. a6 Qe2+ 49. Kg3 Qe1+ 50. Qf2 Qb4 51. a7 Qd6 52. Rf7+ Kxf7 53.
b8=Q 1-0

[Event "Open Ricany 2013"]
[Site "Turnaj A"]
[Date "25.08.??"]
[Round "2.28"]
[White "Havlik, Frantisek"]
[Black "Cabart, Pavel"]
[Result "1-0"]
[WhiteElo "1986"]
[BlackElo "1836"]
[PlyCount "63"]
[EventDate "25.??.??"]

1. d4 Nf6 2. c4 e5 3. d5 b5 4. cxb5 a6 5. bxa6 Bxa6 6. Nc3 Bc5 7. e4 Bxf1 8.
Kxf1 d6 9. Qe2 Na6 10. Be3 Bxe3 11. Qxe3 Rb8 12. Rb1 O-O 13. g3 Ng4 14. Qe2 Qc8
15. f3 Nh6 16. Kg2 f5 17. Nh3 Rf6 18. Rhc1 Rb4 19. Rc2 Nc5 20. a3 Rb3 21. Qc4
fxe4 22. Nxe4 Rfxf3 23. Nxc5 dxc5 24. Rf2 Qf5 25. d6+ Kh8 26. Qxb3 Rxb3 27.
Rxf5 Nxf5 28. dxc7 Ne7 29. Rd1 Rxb2+ 30. Kf3 h6 31. Rd7 Rb7 32. Rxe7 1-0

[Event "Open Ricany 2013"]
[Site "Turnaj A"]
[Date "25.08.??"]
[Round "2.29"]
[White "Pavlicek, Petr"]
[Black "Jandl, Vojtech"]
[Result "0-1"]
[WhiteElo "1976"]
[BlackElo "1824"]
[PlyCount "122"]
[EventDate "25.??.??"]

1. d4 e6 2. c4 d5 3. Nf3 Nf6 4. g3 Be7 5. Bg2 O-O 6. O-O c5 7. cxd5 exd5 8. Nc3
Nc6 9. Bf4 Bf5 10. Rc1 Rc8 11. h3 Re8 12. dxc5 Bxc5 13. e3 Bb4 14. Nd4 Nxd4 15.
Qxd4 Bc5 16. Qd1 Be4 17. Nxe4 Nxe4 18. g4 g5 19. Bh2 Nxf2 20. Rxf2 Bxe3 21.
Rcc2 d4 22. Bg3 Rxc2 23. Qxc2 d3 24. Qb3 Bxf2+ 25. Bxf2 d2 26. Bf3 Re1+ 27. Kg2
d1=Q 28. Bxd1 Rxd1 29. Qxb7 Qd5+ 30. Qxd5 Rxd5 31. Be3 a5 32. b3 f6 33. Kf3 Rd1
34. Bb6 a4 35. bxa4 Rd3+ 36. Kg2 Ra3 37. a5 Rxa2+ 38. Kf3 Kg7 39. Bc7 Ra3+ 40.
Kg2 Kg6 41. Bb6 h5 42. Bc7 hxg4 43. hxg4 f5 44. gxf5+ Kxf5 45. Kf2 Ke4 46. Bb6
g4 47. Bc7 Kf5 48. Kg2 Kg5 49. Bd8+ Kh5 50. Bc7 Rd3 51. Bb6 Kh4 52. a6 Rd2+ 53.
Kf1 Ra2 54. a7 Kg3 55. Bc5 Kh2 56. Bg1+ Kh3 57. Bd4 g3 58. Kg1 Rc2 59. Kf1 g2+
60. Ke1 Ra2 61. Kd1 Kh2 0-1

[Event "Open Ricany 2013"]
[Site "Turnaj A"]
[Date "25.08.??"]
[Round "2.30"]
[White "Hanl, Frantisek"]
[Black "Zamorsky, Ladislav"]
[Result "1-0"]
[WhiteElo "1964"]
[BlackElo "1778"]
[PlyCount "109"]
[EventDate "25.??.??"]

1. e4 e5 2. Nc3 Nf6 3. f4 d5 4. fxe5 Nxe4 5. d3 Nc5 6. d4 Ne6 7. Nf3 Be7 8. Bd3
c5 9. dxc5 Nxc5 10. Nxd5 Nxd3+ 11. Qxd3 Nc6 12. O-O Be6 13. Nxe7 Qxd3 14. cxd3
Nxe7 15. b3 Nd5 16. Ba3 Rc8 17. Rac1 Rxc1 18. Rxc1 Kd7 19. Ng5 h6 20. Ne4 b6
21. Nd6 f6 22. d4 fxe5 23. dxe5 h5 24. Rf1 Ne3 25. Rf3 Nd5 26. Rg3 Rg8 27. Rg5
g6 28. Ne4 Bf5 29. Nf6+ Nxf6 30. exf6 Ke6 31. Be7 Rc8 32. a3 h4 33. g4 Be4 34.
Rb5 Rc1+ 35. Kf2 Rc2+ 36. Ke3 Bc6 37. Rg5 Be8 38. h3 Rb2 39. Kf4 Rf2+ 40. Ke4
Re2+ 41. Kd4 Rd2+ 42. Kc3 Rh2 43. Bd8 Rxh3+ 44. Kd4 Rxb3 45. Re5+ Kd7 46. Rd5+
Ke6 47. Re5+ Kd7 48. Bc7 Rf3 49. Re7+ Kc6 50. Be5 Bd7 51. f7 h3 52. Ke4 Rf1 53.
Bf4 Rxf4+ 54. Kxf4 h2 55. Re1 1-0

[Event "Open Ricany 2013"]
[Site "Turnaj A"]
[Date "25.08.??"]
[Round "2.31"]
[White "Grecny, Karol"]
[Black "Cermak, Jan"]
[Result "0-1"]
[WhiteElo "1934"]
[BlackElo "1771"]
[PlyCount "23"]
[EventDate "25.??.??"]

1. e4 c5 2. Nf3 d6 3. d4 cxd4 4. Nxd4 Nf6 5. Nc3 a6 6. Bg5 e6 7. f4 Qb6 8. Bxf6
gxf6 9. Nb3 Qe3+ 10. Be2 Qxf4 11. g3 Qg5 12. Nb1 0-1